000 01166nam a2200289 i 4500
001 178153
003 ES-MaACL
005 20260504130852.0
008 110519s2000 cl af |||| | spa d
020 _a956-8027-01-7
080 _a821.134.2(83)-4"19"
080 _a821.134.2(83) Huidobro, Vicente 1.06
080 _a821.133.1 Breton, André 106
080 _a82-1.09"19"
100 1 _aRodríguez S., Marta.
_9146621
245 1 0 _aDelirio y metáfora
_b: Vicente Huidobro y André Bretón : ensayos de investigaciones en biopoética /
_cMarta Rodríguez S. ; [ilustraciones de metáforas, Alejandro Ríos].
260 _aProvidencia, Santiago (Chile) :
_bDelirio Poético,
_c[2000]
300 _a195 p. :
_bil. col. ;
_c21 cm.
504 _aBibliografía: p.189-193.
600 1 4 _aHuidobro, Vicente,
_d1893-1948-
_xCrítica e interpretación
_964671
600 1 4 _aBreton, André,
_d1896-1966-
_xCrítica e interpretación
_931625
650 0 7 _aCreacionismo (Literatura)
_911406
852 _aES-MaACL
_9185012
_bR.145595
_jA-11210
_dOlim: N-4214
_cDEPO1
942 _2udc
_cMONOGRAFIA
999 _c178153
_d178153